000 00330nam a2200145Ia 4500
005 20240806151148.0
008 240126s9999 xx 000 0 und d
022 _a0256-4602
082 _aCentral Library
100 _aA K Saini
245 0 _aIETE Technical Review
260 _bIETE
_aNew Delhi
942 _cJN
942 _s1
999 _c244007
_d244007